MDQL
is popping MORE tags! Check the
thread
!
Quizzes
Events
Quiz Creation
Community
Videos
Private Events
Remove Ads
Sign In
Join for FREE
Feedback
Dark Mode
Quiz Categories
Sports
Geography
Music
Movies
Television
Just For Fun
Miscellaneous
History
Literature
Language
Science
Gaming
Entertainment
Religion
Holiday
For Kids
Quiz Lab
Recent
Popular Today
Quiz Kudos Today
Editor Picks
Curator Picks
Quizzes by...
Day
Popularity
Type
Ratings
Length
Year
Community
Subscriptions
Recent Discussions
Orange Saloon
Badges
Playlists
Quests
Create
Leaderboards
Showdown
Live 5
Trivia Bingo
Activity
Puzzle Library
Sporcle Events
Private Events
Virtual Trivia
Globe League
Become a Host
Pub Owners
SporcleCon
Opinionation
Our Games
Videos
Blog
Mobile Apps
Partnerships
Remove Ads and Go Orange
Feedback
Gaming
Video Games
Board Games
Card Games
Pokémon
Mario
Nintendo
Minecraft
Console
Toys
Legend of Zelda
Gaming
Video Games
Board Games
Card Games
Pokémon
Mario
Nintendo
Minecraft
Console
Toys
Legend of Zelda
Random Quiz
Search Sporcle
×
Quiz Lab
Quiz Lab
Gaming
State
Type in answers that appear in a list
Type in answers that appear in a list
Classic
Best Score? Go Orange.
Mobsters Weapons Stats
Can you name the Mobsters Weapons?
By
jujubeeza
3m
25 Questions
26 Plays
26 Plays
26 Plays
Comments
Comments
Give Quiz Kudos
Give Quiz Kudos
-
- Ratings
hide this ad
Replay
Link that replays current quiz
Next Quiz
Link to next quiz in quiz playlist
You Got
0%
They Got
Avg Score
5%
Avg Friend Score
Upgrade to see
Score Distribution
Jump to the score distribution portion of the page
Score
0/25
Timer
03:00
0
Plays Today
Weapon Stats
Weapon Name
% Correct
Attack: 8 Defense: 2
Tommy Gun
88%
Attack: 2 Defense: 2
.38 Special
4%
Attack: 4 Defense: 1
Garrotte
4%
Attack: 4 Defense: 3
Uzi
4%
Attack: 5 Defense: 3
Sawed-Off Shotgun
4%
Attack: 1
Flick Knife
0%
Attack: 1 Defense: 1
Louisville Slugger
0%
Attack: 2
Crowbar
0%
Attack: 2 Defense: 1
Golf Club
0%
Attack: 2 Defense: 3
Metal Chain
0%
Attack: 2 Defense: 4
12-Gauge Shotgun
0%
Attack: 6 Defense: 3
AK-47
0%
Attack: 3 Defense: 1
Beretta 9mm
-4%
Weapon Stats
Weapon Name
% Correct
Attack: 3 Defense: 5
Gold-Plated Magnum
-4%
Attack: 5 Defense: 1
Taser
-4%
Attack: 8 Defense: 4
Handheld Flamethrower
-4%
Attack: 12 Defense: 10
Minigun
-4%
Attack: 13 Defense: 7
Laser-Targeted Rifle
-4%
Attack: 15 Defense: 8
8-Gauge Shotgun
-4%
Attack: 16 Defense: 6
RPG Launcher
-4%
Attack: 18 Defense: 12
10-Liter Sarin Gas Sprayer
-4%
Attack: 18 Defense: 14
Winchester 94
-4%
Attack: 20 Defense: 5
Guided Missile Launcher
-4%
-4%
Attack: 65 Defense: 30
Metal Storm
-4%
Quiz Playlist
Details
Report
Send in Message
Add To Playlist
Classic:
Type in answers that appear in a list
Quiz Source
Last Updated: Feb 16, 2017
Quiz Scoreboard
CHALLENGE
Sign Up to Join the Scoreboard
Show All
Scores
Hide
Comments
May contain spoilers
Recently Published
Two Season TV Shows II
by 123Four
Television
10m
Image Sorting: Flags VI
by Barbecue
Geography
2m
Find the 'City' Movie
by crazypaving
Movies
60s
More to Explore
Quiz From the Vault
Featured Blog Post
14 Easter Pick-up Lines to Find Eggs With
hide this ad
You Might Also Like...
Tags
State Quiz
Mobster
Weapons
Today's Top Quizzes in Gaming
Browse Gaming
hide this ad
Today's Top Quizzes in State
Browse State
Top Contributed Quizzes in Gaming
1
League of Legends Pro Players by Career/Team History
2
Destiny 2 exotic weapons by perk icons
3
Genshin Impact Logic Puzzle
4
Genshin murder mystery
5
Dead By Daylight Logic Puzzle
6
4x4 Decades: Video Games
7
Ultimate Genshin Impact Logic Puzzle (up to 4.3)
8
Overwatch Logic Puzzle
9
Who's on the WWE 2K24 Cover?
10
Overwatch 2: Ultimate Ability Icons
Explore More
Trending Topics
Harry Potter
Marvel
Crossword
NBA
Anime
Kpop
Disney
Country
WWE
NFL
Soccer
Song
Puzzle
The Office
Pokémon
hide this ad
More By:
jujubeeza
Quiz
Plays
Rating
Category
Featured
Created
Mobsters Weapons
26
4.00
Gaming
Oct 2, 2009
Go to Creator's Profile
Score Distribution
Quiz Creator Spotlight
jujubeeza
Follow
Send a Message
Quizzes Created
-
Created Quiz Play Count
-
More By This Creator
Popular Quizzes Today
1
Find the US States - No Outlines Minefield
2
Colored Red Africa Blitz
3
Find the 'City' Movie
4
5x2 Blitz: Bands
5
The Countries of the World
6
Find the Countries of Europe - No Outlines Minefield
7
Find the US States
8
US States
More Gaming Quizzes
3 Clues: Genshin Impact 2
Quiz Lab
Trending Quizzes
Colored Red Europe Blitz I
Colored Red Africa Blitz II
Colored Red Europe Blitz II
Colored Red Africa Blitz III
Colored Red Europe Blitz III
Recently Updated
How Do You Spell That?
pecheneg
Godzilla Movies
pecheneg
Grab Bag: 4-10 Letters
pecheneg
2024 March Madness Bracket
pecheneg
Famous TV Couples
Peacemaker
Champions League XIs: Real Madrid
pecheneg
Largest US Cities 1790-2010
pecheneg
Rides in Walt Disney World
pecheneg
Most Oscar Losses (Acting)
pecheneg
Beyoncé Albums
pecheneg
Trending Topics
Kpop
Crossword
Marvel
Anime
Disney
NBA
Harry Potter
WWE
Song
The Office
Puzzle
Country
Soccer
Pokémon
NFL
Your Account Isn't Verified!
In order to create a playlist on Sporcle, you need to verify the email address you used during registration. Go to your
Sporcle Settings
to finish the process.
Report this User
Report this user for behavior that violates our
Community Guidelines
.
Details:
Send Report
Go to the Sporcle.com Mobile Site →
Comments